|
|
|
|
| LEADER |
00833nam a22002177a 4500 |
| 001 |
178 |
| 003 |
BD-DhAAL |
| 005 |
20190418160222.0 |
| 008 |
150513s1991 bg ||||| |||| 00| 0 eng d |
| 999 |
|
|
|c 34408
|d 34408
|
| 040 |
|
|
|a BD-DhAAL
|c BD-DhAAL
|
| 082 |
|
|
|2 22
|a 307.1412095492
|
| 245 |
|
|
|a BRAC :
|b social studies vol-v, research report
|
| 260 |
|
|
|a Dhaka :
|b Bangladesh Rural Advancement Committee,
|c 1991
|
| 300 |
|
|
|a 432 p. :
|b ill. ;
|c 29 cm.
|
| 541 |
|
|
|e 178
|
| 650 |
|
|
|a Bangladesh Rural Advancement Committee
|9 7235
|
| 710 |
|
|
|a Bangladesh Rural Advancement Committee (BRAC)
|9 11015
|
| 852 |
|
|
|a Ayesha Abed Library
|
| 942 |
|
|
|2 ddc
|c BK
|
| 952 |
|
|
|0 0
|1 4
|2 ddc
|4 0
|6 307_141209549200000_BRA
|7 0
|9 53719
|a BRACUL
|b BRACUL
|c GEN
|d 2015-05-13
|g 330.00
|l 2
|o 307.1412095492 BRA
|p 3010000178
|r 2015-05-27
|s 2015-05-13
|t 1
|w 2015-05-13
|y BK
|x Koha Inventory 2020
|